000 00744nam0a22002531 4500
001 rc\205156
005 20250620232133.0
010 _a5-88590-358-1
_950000
035 _a(NLR Aleph) 005456956
090 _a4917315
_c4917315
100 _a20030307d1995 |||y0rusy50 ca
101 0 _arus
102 _aRU
105 _aa |||||||||
200 1 _aЗаклятые враги
_eРоман
_f[Пер. с англ. О.А. Меликян
_gХудож. А.А. Щуплецов]
210 _aСмоленск
_cРусич
_d1995
215 _a319 с.
_cил.
_d20
225 1 _aАлая роза
700 1 _aХесс
_bН.
_gНора
801 0 _aRU
_bNLR
_gpsbo
801 1 _aRU
_bELAR
_2rusmarc
852 _aNLR
_j95-3/8531
942 _cBOOK
980 _aNB